000 00809nam a2200181Ia 4500
008 100920s9999 xx 000 0 und d
082 _b63221
_a61 थ 60
100 _aअमरेन्द्र
245 _aदण्डी-कृत दशकुमारचरित भाग दुसरा.
260 _bवोरा ऍण्ड कंपनी पब्लिशर्स प्रा. लि., मंुबई 2.
_c1960
300 _a28
_bसाधी
365 _b0.37
520 _aस्थानिक वाचन.
630 _aदण्डी-कृत दशकुमारचरित भाग दुसरा.
650 _aस्थानिक वाचन.
730 _aदण्डी-कृत दशकुमारचरित भाग दुसरा.
942 _cBOOK
999 _c706303
_d706300